000 00995nam a2200193Ii 4500
003 JO-AjNU
008 230605s9999||||xx |||||||||||||| ||und||
040 _aJO-AjNU
_bara
_erda
_cJO-AjNU
041 _aara
050 1 4 _aK2400 2008
100 3 _aمركز الامارات للدراسات والبحوث الاستراتيجية,
_eauthor
_946564
245 0 0 _aالمؤتمر العلمي السنوي السادس عشر: السيرة الذاتية للمشاركين وملخصات بحوث مؤتمر التحكيم التجاري الدولي : أهم الحلول البديلة لحل التزاعات التجارية
264 3 1 _aابو ظبي: مركز الامارات للدراسات والبحوث الاستراتيجية، 2008
300 _a164ص
336 _atext
_btxt
_2rdacontent
337 _aunmediated
_bn
_2rdamedia
338 _avolume
_bnc
_2rdacarrier
650 4 _a السيرة الذاتية -التحكيم الدولي التجاري - مؤتمرات
_946565
999 _aA20267
_c23835
_d23835